| 000 | 00431pab a2200157 454500 | ||
|---|---|---|---|
| 008 | 180718b2013 xxu||||| |||| 00| 0 eng d | ||
| 100 | _aSharma, Seema | ||
| 245 | _aCorporate social responsibility in India: The emerging discourse & concerns | ||
| 260 | _c2013 | ||
| 300 | _a582-596. | ||
| 362 | _aApr | ||
| 650 | _aSocial responsibility | ||
| 773 | _aIndian Journal of Industrial Relations | ||
| 908 | _aN | ||
| 909 | _a100939 | ||
| 999 |
_c100938 _d100938 |
||